Представление документа в формате RUSMARC

ПолеНазваниеЗначение
  Тип записи a
  Библиографический уровень m
001 Контрольный номер d55495eedd174616a58191f7d67c47ed
005 Дата корректировки 20260424161433.7
010 Индекс ISBN __
a ISBN 978-5-389-06248-1
b Уточнения в пер.
9 Тираж 3000 экз.
d Цена 668-70
100 Данные общей обработки __
a Данные общей обработки 20260320d2024 d y0rusy028902 ca
101 Язык документа 0_
a Язык текста rus
102 Страна публикации __
a Страна публикации RU
105 Кодированные данные (монография) __
a Кодированные данные (монография) a z 000ay
181 Поле кодированных данных: вид содержания _0
a Код вида содержания (ISBD) i
182 Поле кодированных данных: тип средства _0
a Код типа средства (ISBD) n
200 Заглавие и сведения об ответственности 1_
a Заглавие Алые паруса
e Сведения, относящиеся к заглавию повесть-феерия
e Сведения, относящиеся к заглавию для среднего школьного возраста
f Первые сведения об ответственности Александр Грин
g Последующие сведения об ответственности художник Нонна Алёшина
g Последующие сведения об ответственности вступительная статья Маргариты Переслегиной
203 Вид содержания и тип средства __
c Тип средства непосредственный
a Вид содержания Текст
210 Выходные данные 1_
a Место издания Москва
c Издательство Махаон
c Издательство Азбука-Аттикус
d Дата издания 2026
215 Физическое описание __
a Объем 100, [3] с.
c Иллюстрации/тип воспроизводства цв. ил.
d Формат 21 см
225 Серия 2_
a Серия Классная классика
330 Аннотация __
a Аннотация Александра Грина называют последним романтиком в русской литературе. Не оттого ли его произведения обладают для нас необъяснимой притягательностью. Они пробуждают лучшие чувства, заставляя взглянуть на мир другими глазами. Грин писал о сильных, чистых сердцем людях. О них же и его книга "Алые паруса". Романтическая история девочки Ассоль, вопреки невзгодам и насмешкам дождавшейся своего принца на корабле с алыми парусами, заставляет во что бы то ни стало поверить в чудо. Произведения Александра Грина входят в школьную программу. Книги этой серии содержат вступительные статьи, которые помогут подготовиться к урокам литературы.
333 Примечание о целевом назначении __
a Примечание о целевом назначении 0+
606 Тематические рубрики __
2 Код системы nlr_sh
a Основная рубрика Художественная литература
606 Тематические рубрики __
2 Код системы nlr_sh
a Основная рубрика Русская литература XX в. (произведения)
610 Ключевые слова 0_
a Ключевые слова детская литература
610 Ключевые слова 0_
a Ключевые слова повести
610 Ключевые слова 0_
a Ключевые слова русская литература
610 Ключевые слова 0_
a Ключевые слова русская классика
610 Ключевые слова 0_
a Ключевые слова романтическая проза
610 Ключевые слова 0_
a Ключевые слова любовь
610 Ключевые слова 0_
a Ключевые слова тема любви
610 Ключевые слова 0_
a Ключевые слова тема мечты
610 Ключевые слова 0_
a Ключевые слова тема судьбы
610 Ключевые слова 0_
a Ключевые слова тема юности
610 Ключевые слова 0_
a Ключевые слова тема романтики
610 Ключевые слова 0_
a Ключевые слова Ассоль
610 Ключевые слова 0_
a Ключевые слова Грэй
610 Ключевые слова 0_
a Ключевые слова тема исполнения желаний
686 Индексы других классификаций __
2 Код системы rubbks
a Классификационный индекс ст84(2=411.2)6-4
700 Автор _1
a Фамилия Грин
b Имя А. С.
g Полное личное имя Александр Степанович
f Даты 1880-1932
4 Код отношения 070
702 Вторичная интеллектуальная ответственность _1
a Фамилия Алешина
b Имя Н. В.
g Полное личное имя Нонна Владимировна
f Даты 1964-
4 Код отношения 440
702 Вторичная интеллектуальная ответственность _1
a Фамилия Переслегина
b Имя М. В.
g Полное личное имя Маргарита В.
4 Код отношения 080
801 Источник записи _0
b Организация Муниципальное бюджетное учреждение культуры "Централизованная библиотечная система" г. Сургут (Центральная городская библиотека им. А. С. Пушкина)
a Страна RU
c Дата составления 20260320
g Правила каталогизации PSBO
801 Источник записи _1
b Организация Муниципальное бюджетное учреждение культуры "Централизованная библиотечная система" г. Сургут (Центральная городская библиотека им. А. С. Пушкина)
a Страна RU
c Дата составления 20260320
g Правила каталогизации PSBO
852 Данные о местонахождении 5_
i Авторский знак Г 85
j Шифр хранения ст84(2=411.2)6-4
900 Макрообъекты __
a Макрообъекты Алые паруса. Грин, А ., 2024
901 Тип документа __
a Ответственный ООФиК/Волкова
t Тип документа m
901 Тип документа __
a Ответственный 4 партия
903 Характеристики (МАРС) __
a Дата передачи 20260320
c Наименование библиотеки (МАРС) Муниципальное бюджетное учреждение культуры "Централизованная библиотечная система" г. Сургут (Центральная городская библиотека им. А. С. Пушкина)
969 Тип издания __
a Тип издания издание для детей
990 Данные о заказе (DOS) __
j Количество экземпляров (DOS) 2
t N записи в КСУ для И/У (DOS) 202604